1735 1580 1709 1929 1293 1014 1051 1035 1228 1391 1725 1483 1900 1591 1483 1290 1894 1270 1592 1031 1635 1701 1365 1622 1699 1854 1417 1869 1367 1988 1523 1067 1148 1019 1537 1627 1097 1859 1064 1056 1494 1186 1247 1227 1514 1463 1494 1453 1869 1384 1523 1577 1338 1083 1917 1165 1050 1322 1406 1912 1766 1956 1906 1902 1882 1179 1296 1025 1192 1036 1249 1520 1553 1598 1392 1879 1885 1416 1243 1564 1604 1529 1499 1534 1663 1801 1772 1211 1163 1283 1319 1713 1996 1993 1447 1364 1299 1951 1447 BCNSPRNW ULIB Ver.6.0+V

เปลี่ยนเป็นภาษาไทย

Change to English
 แสดงรายละเอียดบรรณานุกรม
  กลับหน้าหลัก

Brief Record : Get Marc (ISO 2709) : E-mail record : QR code < ปิดหน้าต่าง
LEADER : 00000nam 2200000uu 4500
001    13399123326
003     ULIB
008    140821s2013||||th 000 0 tha d
020    ^a9786161119126
050    ^aHN700.55^bB724
100    ^aKijsanayotin,Boonchai
245    ^aRapid Assessment of National Civil Registration and Vital Statiscs system A case study of Thailand
260    ^aPloy printing :^bNonthaburi,^c2013
300    ^a35 หน้า
500    ^aCivil registration and vital statistice United Nations Econmic and Social Commission for Asia and the Pacific International statistical
650    ^aRapid Assessment of National civil Registration
945    ^p0^l0^i034627
945    ^p0^l0^i034628
999    ^aเกษร โพธิ์สุวรรณ
รายการนี้ยังไม่มีแท็ก
คุณยังไม่ได้ล็อกอิน คุณสามารถมีกิจกรรมร่วมกับเว็บไซต์ได้ แต่ต้องล็อกอินก่อน ::
  ล็อกอิน

รายการสื่อสารสนเทศ

ลำดับที่ ประเภท เลขเรียก/บาร์โค้ด สถานที่ สถานะ
1. การศึกษาทั่วไป
หนังสือสำรอง
สถานะ=หนังสือสำรอง
HN700.55 B724 ฉ.1 
  Barcode: 034627
ห้องสมุดวิทยาเขตสวรรค์ประชารักษ์
►หนังสือทั่วไป
บนชั้น
2. การศึกษาทั่วไป
การศึกษาทั่วไป
HN700.55 B724 ฉ.2 
  Barcode: 034628
ห้องสมุดวิทยาเขตสวรรค์ประชารักษ์
►หนังสือทั่วไป
บนชั้น

BibComment


ยังไม่เคยถูกคอมเมนท์

คอมเมนท์ทรัพยากรรายการนี้
  คอมเมนท์: Rapid Assessment..


 Copyright 2026. Bcnsprnw @Library